| 000 | 01091cam a22003377a 4500 | ||
|---|---|---|---|
| 003 | CHAP | ||
| 005 | 20220329135202.0 | ||
| 008 | 971013s1981 r 00010 d | ||
| 010 | _a32275 | ||
| 011 | _a33247 | ||
| 035 | _a37362 | ||
| 040 | _cCHAP | ||
| 090 | _aFolleto 7004 | ||
| 100 | 0 | 0 |
_aMarx, Karl. _972726 |
| 245 | 0 | _aNotas marginales sobre la obra de Bakunin, el estatismo y la anarquía | |
| 260 |
_a(s.L.) : _bUACH. Departamento de Sociología Rural, _c(1981) |
||
| 300 | _apág. varía | ||
| 500 | _ac.4-7 en bodega | ||
| 590 |
_aBATCH-UPD _b10 _c20130110 _lUCH01 _h0247 |
||
| 590 |
_aBATCH-UPD _b10 _c20130110 _lUCH01 _h1550 |
||
| 590 |
_aBATCH-UPD _b10 _c20130410 _lUCH01 _h1421 |
||
| 590 |
_aCONVERSION _b10 _c20130109 _lUCH01 _h1318 |
||
| 650 | 1 | 4 |
_aAnarquismo. _95478 |
| 650 | 1 | 4 |
_aEstado, El. _938240 |
| 700 | 0 |
_aBakunin, Miguel. _99588 |
|
| 901 | _aBK | ||
| 942 | _cFOLL | ||
| 949 |
_aFolleto 7004 _bBC _cFOLL _d-85609 _eTS1 _i37362 _mD _si |
||
| 949 |
_aFolleto 7004 _bBC _cFOLL _d-85610 _eTS2 _fc.2 _i37362 _si |
||
| 949 |
_aFolleto 7004 _bBC _cFOLL _d-85613 _eTS2 _fc.3 _i37362 _mD _si |
||
| 999 |
_c32275 _d32275 |
||